Sociology Making Sense Of Society (Record no. 729)
| 000 -LEADER | |
|---|---|
| fixed length control field | 00468nam a22001697a 4500 |
| 003 - CONTROL NUMBER IDENTIFIER | |
| control field | OSt |
| 005 - DATE AND TIME OF LATEST TRANSACTION | |
| control field | 20260310151425.0 |
| 008 - FIXED-LENGTH DATA ELEMENTS--GENERAL INFORMATION | |
| fixed length control field | 250615b |||||||| |||| 00| 0 eng d |
| 020 ## - INTERNATIONAL STANDARD BOOK NUMBER | |
| International Standard Book Number | 9780582369436 |
| 040 ## - CATALOGING SOURCE | |
| Transcribing agency | Outspan Global University |
| 050 ## - LIBRARY OF CONGRESS CALL NUMBER | |
| Classification number | HM51 |
| Item number | .M37 2000 |
| 100 ## - MAIN ENTRY--PERSONAL NAME | |
| Personal name | Marsh, Ian |
| Relator term | Author |
| 245 ## - TITLE STATEMENT | |
| Title | Sociology Making Sense Of Society |
| Statement of responsibility, etc. | by Ian Marsh. |
| 260 ## - PUBLICATION, DISTRIBUTION, ETC. | |
| Place of publication, distribution, etc. | United Kingdom: |
| Name of publisher, distributor, etc. | Pearson Education LTD, |
| Date of publication, distribution, etc. | c2000. |
| 650 ## - SUBJECT ADDED ENTRY--TOPICAL TERM | |
| Topical term or geographic name entry element | Sociology |
| 942 ## - ADDED ENTRY ELEMENTS (KOHA) | |
| Source of classification or shelving scheme | Library of Congress Classification |
| Koha item type | Books |
| Withdrawn status | Lost status | Source of classification or shelving scheme | Damaged status | Not for loan | Home library | Current library | Shelving location | Date acquired | Total checkouts | Full call number | Barcode | Date last seen | Price effective from | Koha item type |
|---|---|---|---|---|---|---|---|---|---|---|---|---|---|---|
| Library of Congress Classification | Main Campus | 3rd Floor Main Library | General stacks | 06/15/2025 | HM51.M37 2000 | 103074 | 06/15/2025 | 06/15/2025 | Books |
